000 00532nam a2200193 i 4500
001 bg
100 1 _aBIESKOW, S. D.
245 1 0 _aChemiczne obliczenia technologiczne /
_cS.
_nD. Bieskow.
260 _aWarszawa :
_bWydawnictwa Naukowo-Techniczne,
_c1966.
490 1 _aInżynieria Chemiczna
650 9 _aTechnologia chemiczna
655 _aPodręczniki akademickie
830 _aInżynieria Chemiczna
040 _cBPK
041 0 _apol
080 _a66.01/.09
942 _cKS
008 s pl f |000 0 pol
999 _c10604
_d10604
856 _uhttp://koha.tu.koszalin.pl/cgi-bin/koha/opac-detail.pl?biblionumber=10604
_yKatalog online BPK